| 000 | 00000nas 2200000zi 4500 |
| 001 | 9.944175 |
| 003 | CaOODSP |
| 005 | 20250410150322 |
| 006 | m o d f |
| 007 | cr cn |||||||| |
| 008 | 241016d19261964oncar p o f0 0eng|d |
| 040 | |aCaOODSP|beng|erda|cCaOODSP |
| 043 | |an-cn--- |
| 086 | 1 |aNR1-1E-PDF |
| 110 | 2 |aNational Research Council of Canada.|eauthor, |eissuing body. |
| 245 | 10|aAnnual reports / |cNational Research Council. |
| 246 | 3 |aAnnual report |
| 264 | 1|aOttawa : |bNational Research Council, |c[1927-1964] |
| 310 | |aAnnual |
| 336 | |atext|btxt|2rdacontent |
| 337 | |acomputer|bc|2rdamedia |
| 338 | |aonline resource|bcr|2rdacarrier |
| 362 | 1 |aBegan with: 1917/1926; ceased with: 47th (1963/1964). |
| 588 | |aDescription based on: Digitized bound volume for 1917/1926; title from PDF title page. |
| 588 | |aLatest issue consulted: 47th (1963/1964). |
| 610 | 20|aNational Research Council of Canada|vPeriodicals. |
| 610 | 26|aConseil national de recherches du Canada|vPériodiques. |
| 650 | 0|aResearch|zCanada|vPeriodicals. |
| 650 | 0|aResearch, Industrial|zCanada|vPeriodicals. |
| 650 | 6|aRecherche|zCanada|vPériodiques. |
| 650 | 6|aRecherche industrielle|zCanada|vPériodiques. |
| 655 | 7|aPeriodicals|2lcgft |
| 655 | 7|aPériodiques|2rvmgf |
| 785 | 00|tReport / |w(CaOODSP)9.944297 |